[Event "TCh-TUR Super League 2014"]
[Site "Kocaeli TUR"]
[Date "2014.08.29"]
[Round "13.5"]
[Board "3"]
[White "Kanli, Kaan"]
[Black "Khurtsidze, Nino"]
[Result "0-1"]
[BlackTitle "IM"]
[WhiteElo "2013"]
[BlackElo "2467"]
[WhiteTeam "Denizsu Aquamatch Satranc Genclik VE Spor Kulubu"]
[BlackTeam "Akdeniz Belediyesi Spor Kulubu"]
[WhiteFideId "6309836"]
[BlackFideId "13600320"]
[EventDate "2014.08.18"]

1. e4 c5 2. Nf3 e6 3. d4 cxd4 4. Nxd4 a6 5. Nc3 Qc7 6. Bd3 Nf6 7. O-O Be7 8. Be3
b5 9. a3 Bb7 10. Nb3 d6 11. f4 Nbd7 12. Qf3 Nc5 13. Rae1 O-O 14. Bd4 Rac8 15.
Qh3 Nxd3 16. cxd3 e5 17. Be3 Qd7 18. Qxd7 Nxd7 19. d4 Nf6 20. fxe5 dxe5 21. dxe5
Nxe4 22. Na5 Ba8 23. Nxe4 Bxe4 24. Bd4 Bd5 25. Rc1 Bg5 26. Rc5 Rfd8 27. b4 Rxc5
28. Bxc5 Ba8 29. Bd6 f6 30. Nb3 fxe5 31. Bxe5 Be3+ 32. Kh1 Rd3 33. Rb1 Bd5 0-1

[Event "TCh-TUR Super League 2014"]
[Site "Kocaeli TUR"]
[Date "2014.08.29"]
[Round "13.5"]
[Board "4"]
[White "Annaberdiyev, Babageldi"]
[Black "Zeytinoglu, Nasir Ekin"]
[Result "0-1"]
[WhiteTitle "FM"]
[WhiteElo "2238"]
[BlackElo "2003"]
[WhiteTeam "Akdeniz Belediyesi Spor Kulubu"]
[BlackTeam "Denizsu Aquamatch Satranc Genclik VE Spor Kulubu"]
[WhiteFideId "14000385"]
[BlackFideId "6310478"]
[EventDate "2014.08.18"]

1. Nf3 Nf6 2. g3 g6 3. Bg2 Bg7 4. O-O O-O 5. d4 d6 6. c4 c6 7. Nc3 Qa5 8. h3 Qa6
9. b3 b5 10. cxb5 cxb5 11. a4 b4 12. Na2 Qb6 13. a5 Qxa5 14. Bd2 Bb7 15. Nxb4
Qb6 16. Nd3 Be4 17. Nb2 Qb7 18. Nc4 Nc6 19. e3 Rfb8 20. Ra3 Nd5 21. Ne1 Bxg2 22.
Nxg2 Ndb4 23. Bxb4 Nxb4 24. Nf4 d5 25. Na5 Qb5 26. Qd2 e6 27. Ra4 Bf8 28. Rc1
Rc8 29. e4 Rxc1+ 30. Qxc1 dxe4 31. Qe1 Rc8 32. Nc4 Nd5 33. Nxd5 exd5 34. Ne3
Qxb3 35. Rxa7 Bh6 36. Ng4 Bg5 37. Ra1 h5 38. Ne3 Rb8 39. Rc1 h4 40. gxh4 Bxh4
41. Qc3 Bg5 42. Qxb3 Rxb3 43. Rc8+ Kg7 44. Nxd5 Rxh3 45. Rc3 Rh8 46. Rg3 Bh4 47.
Rg2 f5 48. Ne3 Kf7 49. Rh2 Ke6 50. Ng2 g5 51. Kf1 f4 52. Rh3 f3 53. Ne3 Ra8 54.
d5+ Ke5 55. Ke1 Kd4 56. Kd2 Ra2+ 57. Nc2+ Kxd5 58. Kc3 Ke5 59. Rh2 Ra8 60. Ne3
Rd8 61. Rh1 Rd3+ 62. Kc2 Kf4 63. Nd1 Rxd1 64. Kxd1 Bxf2 65. Rh7 e3 0-1

[Event "TCh-TUR Super League 2014"]
[Site "Kocaeli TUR"]
[Date "2014.08.29"]
[Round "13.5"]
[Board "5"]
[White "Kazdagli, Benan"]
[Black "Dogan, Nazmi Can"]
[Result "1/2-1/2"]
[WhiteElo "1935"]
[BlackElo "2135"]
[WhiteTeam "Denizsu Aquamatch Satranc Genclik VE Spor Kulubu"]
[BlackTeam "Akdeniz Belediyesi Spor Kulubu"]
[WhiteFideId "6309925"]
[BlackFideId "6309658"]
[EventDate "2014.08.18"]

1. Nf3 Nf6 2. g3 g6 3. Bg2 Bg7 4. O-O O-O 5. c4 d6 6. d4 Nc6 7. Nc3 Bf5 8. Nh4
Bd7 9. e4 e5 10. d5 Na5 11. Qd3 b6 12. b4 Nb7 13. Bg5 h6 14. Bd2 Nh7 15. Rab1 a6
16. Be3 Nf6 17. f3 Nh5 18. Rfc1 Kh7 19. Bf1 Bf6 20. Ng2 Qe7 21. Be2 Bh3 22. Bd1
Bg5 23. Na4 Bxe3+ 24. Qxe3 a5 25. c5 axb4 26. cxb6 cxb6 27. Rxb4 Nc5 28. Qd2
Nxa4 29. Rxa4 b5 30. Rxa8 Rxa8 31. Bb3 Rc8 32. Rxc8 Bxc8 33. Qa5 Qb7 34. Ne3 Bd7
35. Qc3 Bh3 36. Kf2 Qa7 37. Ke2 Bd7 38. Qb4 Qa6 39. a3 Kg7 40. Bc2 Kf8 41. Bd3
Ke7 42. Kf2 Qa7 43. Bxb5 Bxb5 44. Qxb5 Qxa3 45. Ng4 Qa7+ 46. Kg2 Nf6 47. Nxf6
Kxf6 48. Qb2 Qe3 49. Qf2 Qd3 50. Qb6 Qa3 51. Qb5 h5 52. Qb6 Kg7 53. h4 Qa2+ 54.
Qf2 Qb1 55. Qa7 Qb2+ 56. Qf2 1/2-1/2

[Event "TCh-TUR Super League 2014"]
[Site "Kocaeli TUR"]
[Date "2014.08.29"]
[Round "13.5"]
[Board "6"]
[White "Yildiz, Betul Cemre"]
[Black "Bulmaga, Irina"]
[Result "1/2-1/2"]
[WhiteTitle "WGM"]
[BlackTitle "IM"]
[WhiteElo "2296"]
[BlackElo "2354"]
[WhiteTeam "Akdeniz Belediyesi Spor Kulubu"]
[BlackTeam "Denizsu Aquamatch Satranc Genclik VE Spor Kulubu"]
[WhiteFideId "6302920"]
[BlackFideId "13903063"]
[EventDate "2014.08.18"]

1. c4 Nf6 2. Nc3 c5 3. Nf3 Nc6 4. g3 d6 5. Bg2 g6 6. O-O Bg7 7. d3 O-O 8. e4 Ne8
9. Be3 Nd4 10. Ne1 Rb8 11. Rb1 Bd7 12. a3 Nc7 13. Qd2 Qc8 14. b4 b6 15. Bh6 Bxh6
16. Qxh6 Qa6 17. Nf3 Nxf3+ 18. Bxf3 b5 19. bxc5 dxc5 20. Qg5 Qxa3 21. Qxe7 Qxc3
22. Qxd7 Qe5 23. cxb5 Rfd8 24. Qg4 Rxd3 25. Bg2 h5 26. Qe2 c4 27. Qa2 Qc5 28.
Rfc1 c3 29. Bf1 Rd6 30. Bc4 Nxb5 31. Bxb5 Rxb5 32. Rxb5 Qxb5 33. Rxc3 Rd1+ 34.
Kg2 Qf1+ 35. Kf3 Rd3+ 36. Rxd3 Qxd3+ 37. Kf4 Qd6+ 38. e5 Qd4+ 39. Kf3 Qd3+ 40.
Kg2 a6 41. f3 Kf8 42. h4 Ke8 43. Kh2 Qxf3 44. e6 Qc6 45. exf7+ Kf8 46. Kg1 Qb6+
47. Kg2 a5 48. Kh2 Qa6 49. g4 Qd6+ 50. Kg2 Qc6+ 51. Kg3 Qc3+ 52. Kg2 hxg4 53.
Qe6 Qf3+ 54. Kg1 Qxf7 55. Qc8+ Kg7 56. Qc3+ Qf6 57. Qxa5 Qxh4 58. Qc7+ Kh6 59.
Qf4+ Kg7 60. Qc7+ Kf8 61. Qd6+ Kf7 62. Qd7+ Kg8 63. Qc8+ Kg7 1/2-1/2

[Event "TCh-TUR Super League 2014"]
[Site "Kocaeli TUR"]
[Date "2014.08.29"]
[Round "13.5"]
[Board "7"]
[White "Tuncer, Tuna"]
[Black "Altundal, Aram"]
[Result "1-0"]
[WhiteElo "1996"]
[BlackElo "1795"]
[WhiteTeam "Denizsu Aquamatch Satranc Genclik VE Spor Kulubu"]
[BlackTeam "Akdeniz Belediyesi Spor Kulubu"]
[WhiteFideId "6349269"]
[BlackFideId "6353711"]
[EventDate "2014.08.18"]

1. e4 c5 2. Nf3 d6 3. d4 cxd4 4. Nxd4 Nf6 5. Nc3 g6 6. Be3 Bg7 7. f3 O-O 8. Qd2
Nc6 9. Bc4 Bd7 10. O-O-O Rc8 11. Bb3 Ne5 12. Kb1 Re8 13. h4 h5 14. Bg5 Rc5 15.
g4 hxg4 16. h5 Nxh5 17. Rxh5 gxh5 18. Nd5 Rxd5 19. Bxd5 Qb6 20. Bb3 a5 21. Bh6
Bf6 22. f4 Ng6 23. f5 Ne5 24. Bg5 Kg7 25. Bh6+ Kg8 26. c3 a4 27. Bd5 Bc6 28. Qh2
Bxd5 29. exd5 h4 30. Qf4 Qc5 31. Qe4 a3 32. Be3 Qc4 33. Bf4 axb2 34. Bxe5 Ra8
35. Qxg4+ Kh7 36. Qh5+ Kg8 37. Qg4+ Kh7 38. Qh5+ Kg8 39. Rg1+ Kf8 40. Qh6+ Ke8
41. Rg8+ Kd7 42. Rxa8 dxe5 43. Qf8 Qd3+ 44. Kxb2 Qd2+ 45. Nc2 Kd6 46. Qd8+ Kc5
47. Qc7+ 1-0

[Event "TCh-TUR Super League 2014"]
[Site "Kocaeli TUR"]
[Date "2014.08.29"]
[Round "13.5"]
[Board "8"]
[White "Aslan, Cagla Yaren"]
[Black "Patel, Yesim"]
[Result "0-1"]
[BlackTitle "WCM"]
[WhiteElo "1760"]
[BlackElo "1882"]
[WhiteTeam "Akdeniz Belediyesi Spor Kulubu"]
[BlackTeam "Denizsu Aquamatch Satranc Genclik VE Spor Kulubu"]
[WhiteFideId "6324878"]
[BlackFideId "6300200"]
[EventDate "2014.08.18"]

1. e4 c5 2. Nf3 Nc6 3. d3 g6 4. g3 Bg7 5. Bg2 e5 6. O-O Nge7 7. Nbd2 O-O 8. Nc4
d6 9. a4 Rb8 10. c3 b6 11. h4 d5 12. exd5 Nxd5 13. Re1 Re8 14. Ng5 Bb7 15. Ne4
Re6 16. Bg5 f6 17. Bd2 Nc7 18. Qb3 h6 19. Ned6 Na5 20. Nxb7 Nxb3 21. Nxd8 Rxd8
22. Rad1 Nxd2 23. Rxd2 h5 24. Bh3 Ree8 25. Rdd1 Kf7 26. Bg2 Re7 27. b4 cxb4 28.
cxb4 Red7 29. a5 b5 30. Nb2 Bf8 31. Re4 Nd5 32. Rf1 Bxb4 33. a6 Bc3 34. Rb1 Bd4
35. Nd1 b4 36. Re2 Nc3 37. Nxc3 Bxc3 38. f4 exf4 39. gxf4 Rxd3 40. Be4 Rd1+ 41.
Kg2 f5 42. Rxd1 Rxd1 43. Bc2 Rd2 44. Bb3+ Kf6 45. Rxd2 Bxd2 46. Kg3 Be1+ 47. Kh3
Ke7 48. Bd5 Bc3 49. Kg3 Bf6 50. Bg8 Kd6 51. Bf7 Kc5 52. Bxg6 b3 53. Bxf5 Kd4 54.
Bg6 b2 55. Kf3 Kc3 56. Ke3 Bxh4 57. Bb1 Bf6 58. f5 h4 59. Be4 h3 60. Kf3 h2 61.
Kg2 Be5 62. f6 Bxf6 63. Kxh2 Kd2 64. Kg3 Kc1 65. Kf4 Bd4 66. Kf5 b1=Q 67. Bxb1
Kxb1 68. Ke4 Bb6 69. Kd3 Kb2 0-1

[Event "TCh-TUR Super League 2014"]
[Site "Kocaeli TUR"]
[Date "2014.08.29"]
[Round "13.5"]
[Board "9"]
[White "Saribas, Nizamettin"]
[Black "Acar, Utku Cengiz"]
[Result "0-1"]
[WhiteElo "1431"]
[BlackElo "1815"]
[WhiteTeam "Denizsu Aquamatch Satranc Genclik VE Spor Kulubu"]
[BlackTeam "Akdeniz Belediyesi Spor Kulubu"]
[WhiteFideId "6354645"]
[BlackFideId "6358900"]
[EventDate "2014.08.18"]

1. e4 c5 2. Nf3 e6 3. d4 cxd4 4. Nxd4 Nf6 5. Nc3 Nc6 6. g3 d5 7. Bg2 Bb4 8. Qd3
O-O 9. exd5 Ne5 10. Qe2 Nxd5 11. Bd2 Nc6 12. Nxc6 bxc6 13. Ne4 a5 14. a3 Ba6 15.
Qf3 Bxd2+ 16. Nxd2 a4 17. Bf1 Qb8 18. Rb1 Bxf1 19. Kxf1 Qb5+ 20. Kg2 Qc5 21. Qd3
Rfb8 22. Qc4 Qxc4 23. Nxc4 f6 24. Rhe1 e5 25. Ne3 Kf7 26. Kf3 Ra7 27. Nc4 Ke6
28. Red1 Rab7 29. Rd2 Rb5 30. Kg2 Rc5 31. Ne3 Nc3 32. Re1 Rxb2 33. f4 Nd5 34.
fxe5 fxe5 35. Ng4 Nf6 36. Ne3 Ra2 37. Rd3 Nd5 38. Ng4 Raxc2+ 39. Kh3 Nf6 40. Ne3
Ra2 41. Red1 Nd5 42. Ng4 h5 43. Ne3 e4 44. Rd4 Nxe3 0-1

[Event "TCh-TUR Super League 2014"]
[Site "Kocaeli TUR"]
[Date "2014.08.29"]
[Round "13.5"]
[Board "10"]
[White "Temel, Burcu Melis"]
[Black "Celik, Eda"]
[Result "1-0"]
[WhiteElo "1753"]
[BlackElo "1498"]
[WhiteTeam "Akdeniz Belediyesi Spor Kulubu"]
[BlackTeam "Denizsu Aquamatch Satranc Genclik VE Spor Kulubu"]
[WhiteFideId "6345492"]
[BlackFideId "6351727"]
[EventDate "2014.08.18"]

1. e4 e5 2. Nf3 Nc6 3. Bc4 Nf6 4. d3 Be7 5. O-O d6 6. c3 O-O 7. Bb3 Na5 8. Bc2
c5 9. Nbd2 a6 10. Re1 g6 11. Nf1 Nh5 12. d4 Qc7 13. Ne3 Nf6 14. dxe5 dxe5 15.
Nd5 Nxd5 16. exd5 f6 17. Nh4 b5 18. Qd3 f5 19. g3 e4 20. Qe2 Bxh4 21. gxh4 Nc4
22. Bb3 Nd6 23. Bf4 c4 24. Bc2 Qe7 25. Qe3 Nf7 26. Qg3 Re8 27. f3 Qc5+ 28. Be3
Qxd5 29. fxe4 fxe4 30. Rad1 Qe5 31. Bf4 Qc5+ 32. Rd4 Bb7 33. Be3 Qe5 34. Bf4 Qc5
35. b4 Qb6 36. Be3 Qc6 37. Bf4 Qb6 38. a4 Rad8 39. Bc7 Qe6 40. Bxd8 Rxd8 41.
Rxd8+ Nxd8 42. axb5 axb5 43. Qf4 Nf7 44. Bxe4 Nd6 45. Rf1 Qe7 46. Bxb7 Nxb7 47.
Rd1 Nd8 48. Qg5 Qa7+ 49. Kg2 Nf7 50. Qxb5 Qa2+ 51. Kg1 Qc2 52. Qe8+ Kg7 53. Rf1
Qxc3 54. Qxf7+ Kh6 55. Qf4+ Kg7 56. Qf8# 1-0

[Event "TCh-TUR Super League 2014"]
[Site "Kocaeli TUR"]
[Date "2014.08.29"]
[Round "13.6"]
[Board "6"]
[White "Isgandarova, Khayala"]
[Black "Batsiashvili, Nino"]
[Result "1/2-1/2"]
[WhiteTitle "WIM"]
[BlackTitle "IM"]
[WhiteElo "2190"]
[BlackElo "2435"]
[WhiteTeam "Kahramanmaras Buyuksehir Belediyesi Spor Kulubu"]
[BlackTeam "Hatay Buyuksehir Belediye Genclik VE Spor Kulubu"]
[WhiteFideId "13401823"]
[BlackFideId "13602993"]
[EventDate "2014.08.18"]

1. e4 c6 2. d4 d5 3. Nc3 dxe4 4. Nxe4 Bf5 5. Ng3 Bg6 6. h4 h6 7. Nf3 Nd7 8. h5
Bh7 9. Bd3 Bxd3 10. Qxd3 e6 11. Bf4 Ngf6 12. O-O-O Be7 13. Kb1 O-O 1/2-1/2

[Event "TCh-TUR Super League 2014"]
[Site "Kocaeli TUR"]
[Date "2014.08.29"]
[Round "13.6"]
[Board "8"]
[White "Cemhan, Kardelen"]
[Black "Abdimanoglu, Beste Basak"]
[Result "1/2-1/2"]
[WhiteTitle "WCM"]
[WhiteElo "2019"]
[BlackElo "1872"]
[WhiteTeam "Kahramanmaras Buyuksehir Belediyesi Spor Kulubu"]
[BlackTeam "Hatay Buyuksehir Belediye Genclik VE Spor Kulubu"]
[WhiteFideId "6325670"]
[BlackFideId "6300286"]
[EventDate "2014.08.18"]

1. e4 d6 2. d4 g6 3. Nc3 Bg7 4. h3 a6 5. a4 b6 6. Nf3 Bb7 7. Bd3 Nd7 8. Be3 e6
9. O-O Ne7 10. Qd2 O-O 11. Rfe1 c5 12. Rad1 1/2-1/2

[Event "TCh-TUR Super League 2014"]
[Site "Kocaeli TUR"]
[Date "2014.08.29"]
[Round "13.6"]
[Board "9"]
[White "Temizkan, Denizcan"]
[Black "Percin, Onder"]
[Result "1/2-1/2"]
[WhiteTitle "CM"]
[WhiteElo "1972"]
[BlackElo "1801"]
[WhiteTeam "Hatay Buyuksehir Belediye Genclik VE Spor Kulubu"]
[BlackTeam "Kahramanmaras Buyuksehir Belediyesi Spor Kulubu"]
[WhiteFideId "6325157"]
[BlackFideId "6345190"]
[EventDate "2014.08.18"]

1. d4 Nf6 2. Nc3 d5 3. Nf3 g6 4. Bf4 c6 5. e3 Bg7 6. h3 O-O 7. Bd3 Nbd7 8. O-O
Re8 9. b4 Nh5 10. Ne5 Nxf4 11. exf4 1/2-1/2